Получение новых железосодержащих препаратов для ветеринарии; Химия и химическая технология в XXI веке

Bibliografiske detaljer
Parent link:Химия и химическая технология в XXI веке.— 2018.— [С. 138-139]
Corporate Authors: Национальный исследовательский Томский политехнический университет (ТПУ), Ставропольский государственный аграрный университет (СтГАУ)
Andre forfattere: Скирдин К. В. Кирилл Вячеславович (научный руководитель), Оробец В. А., Соколова Е. А., Горчаков Э. В.
Summary:Заглавие с экрана
Sprog:russisk
Udgivet: 2018
Serier:Химия и химическая технология неорганических веществ и материалов
Fag:
Online adgang:http://earchive.tpu.ru/handle/11683/50076
Format: MixedMaterials Electronisk Book Chapter
KOHA link:https://koha.lib.tpu.ru/cgi-bin/koha/opac-detail.pl?biblionumber=626790

MARC

LEADER 00000naa2a2200000 4500
001 626790
005 20241010143704.0
035 |a (RuTPU)RU\TPU\conf\26410 
035 |a RU\TPU\conf\26403 
090 |a 626790 
100 |a 20180801d2018 k y0rusy50 ca 
101 0 |a rus 
102 |a RU 
105 |a y z 101zy 
135 |a drgn ---uucaa 
181 0 |a i  
182 0 |a b 
200 1 |a Получение новых железосодержащих препаратов для ветеринарии  |f К. В. Скирдин [и др.]  |g науч. рук. В. А. Оробец 
203 |a Текст  |c электронный 
225 1 |a Химия и химическая технология неорганических веществ и материалов 
300 |a Заглавие с экрана 
320 |a [Библиогр.: с. 139 (4 назв.)] 
463 0 |0 (RuTPU)RU\TPU\conf\26227  |t Химия и химическая технология в XXI веке  |o материалы XIX Международной научно-практической конференции студентов и молодых ученых имени профессора Л. П. Кулёва, 21-24 мая 2018 г., г. Томск  |f Национальный исследовательский Томский политехнический университет  |v [С. 138-139]  |d 2018 
610 1 |a электронный ресурс 
610 1 |a железосодержащие препараты 
610 1 |a ветеринария 
610 1 |a соединения железа 
610 1 |a труды учёных ТПУ 
701 1 |7 ca  |8 rus  |a Скирдин  |b К. В.  |c химик-технолог  |c ассистент НОЦ Н.М. Кижнера  |f 1995-  |g Кирилл Вячеславович  |9 88493 
701 1 |a Оробец  |b В. А. 
701 1 |a Соколова  |b Е. А. 
701 1 |a Горчаков  |b Э. В. 
702 1 |a Оробец  |b В. А.  |4 727 
712 0 2 |a Национальный исследовательский Томский политехнический университет (ТПУ)  |c (2009- )  |3 (RuTPU)RU\TPU\col\15902 
712 0 2 |a Ставропольский государственный аграрный университет (СтГАУ)  |c (2001- )  |3 (RuTPU)RU\TPU\col\14714 
801 2 |a RU  |b 63413507  |c 20180821  |g RCR 
856 4 |u http://earchive.tpu.ru/handle/11683/50076 
942 |c BK